000 00632nam a2200241Ia 4500
003 OSt
005 20221007074224.0
006 a|||||r|||| 00| 0
007 ta
008 221006b |||||||| |||| 00| 0 eng d
024 _a13,001
037 _cTextual
040 _aFLL
_cFLL
_beng
041 _2eng
_aeng
082 _aV58:2:Z, M1.3
100 _aSmirnow L.N. Ed.
_9692739
245 0 _aLegislative acts of the USSR
260 _aMoscow
_bProgress pub. U.S.S.R.
_c1981
300 _a358p
_ccm.
490 _vVol.3
942 _hV58:2:Z, M1.3
_cTEXL
_2CC
999 _c1151587
_d1151587